| 000 | 00565nam a22001817a 4500 | ||
|---|---|---|---|
| 005 | 20170822144142.0 | ||
| 010 | _aENG-119945 | ||
| 020 |
_a9381016569 _c120.00 |
||
| 035 | _aEN-103477 | ||
| 037 | _bDBAB/PUB | ||
| 082 | _aS | ||
| 100 | _aBaehr, Kingsley M. | ||
| 245 |
_aHope in a scarlet Rope : _cby Kingsley M. Baehr _bBible Quest devotions for teens / |
||
| 260 |
_aChennai _bMoriah Ministeries _c2015 |
||
| 270 |
_aNo. 31/33, Water Tank Road, MMDA Colony Arumbakkam, _bChennai _e600106 |
||
| 300 |
_axii,175p. : _c22cm(pbk) _bill. |
||
| 942 |
_2ddc _cEN _hS _mBAE |
||
| 999 |
_c143649 _d143649 |
||